[Event "CRO-ch 10th"]
[Site "Otocac"]
[Date "2010.01.18"]
[Round "1.1"]
[White "Palac, Mladen"]
[Black "Cvitan, Ognjen"]
[Result "1/2-1/2"]
[WhiteElo "2563"]
[BlackElo "2554"]
[PlyCount "53"]
[EventDate "2010.01.18"]
[EventRounds "11"]
[EventCountry "CRO"]
[EventCategory "13"]
[Source "Mirjana Medic"]
[SourceDate "2010.01.18"]

1. e4 c6 2. d4 d5 3. Nc3 dxe4 4. Nxe4 Bf5 5. Ng3 Bg6 6. h4 h6 7. Nf3 Nd7 8. h5
Bh7 9. Bd3 Bxd3 10. Qxd3 Ngf6 11. Bf4 Qa5+ 12. Bd2 Qc7 13. O-O-O e6 14. Ne4
O-O-O 15. g3 Nxe4 16. Qxe4 Nf6 17. Qe2 Bd6 18. c4 c5 19. Bc3 cxd4 20. Nxd4 a6
21. Kb1 Rhe8 22. Nf3 Qc6 23. Ne5 Bxe5 24. Bxe5 Rxd1+ 25. Rxd1 Rd8 26. Rxd8+
Kxd8 27. g4 1/2-1/2

[Event "CRO-ch 10th"]
[Site "Otocac"]
[Date "2010.01.18"]
[Round "1.2"]
[White "Brkic, Ante"]
[Black "Jovanovic, Zoran"]
[Result "1/2-1/2"]
[WhiteElo "2564"]
[BlackElo "2537"]
[PlyCount "140"]
[EventDate "2010.01.18"]
[EventRounds "11"]
[EventCountry "CRO"]
[EventCategory "13"]
[Source "Mirjana Medic"]
[SourceDate "2010.01.18"]

1. e4 d6 2. d4 Nf6 3. Nc3 e5 4. Nf3 Nbd7 5. Bc4 Be7 6. O-O O-O 7. Re1 c6 8. a4
b6 9. h3 a6 10. Ba2 Rb8 11. Bg5 Ne8 12. Be3 Bf6 13. Re2 Qe7 14. Rd2 b5 15. axb5
axb5 16. b4 exd4 17. Nxd4 Bxd4 18. Rxd4 Nb6 19. Bf4 Be6 20. Rxd6 Bxa2 21. Rxa2
Nxd6 22. Bxd6 Qf6 23. e5 Qg5 24. Ne4 Qf4 25. Bxb8 Qxe4 26. Bd6 Rd8 27. Qd3 Qe1+
28. Qf1 Qxf1+ 29. Kxf1 Nc4 30. Ra6 f6 31. Bc7 Rd1+ 32. Ke2 Rd2+ 33. Ke1 fxe5
34. Bxe5 Rxc2 35. Ra8+ Kf7 36. Ra7+ Ke6 37. Bxg7 Rc1+ 38. Ke2 Rc2+ 39. Ke1 Rc1+
40. Ke2 Rc2+ 41. Kf3 Nd2+ 42. Kf4 Nf1 43. Bd4 Rc4 44. Ke4 Rxb4 45. Kd3 Rb1 46.
Bc3 Rc1 47. Rxh7 c5 48. Rh6+ Kd5 49. Rh5+ Kc6 50. Rh6+ Kd5 51. Rh5+ Kc6 52. Rf5
b4 53. Bg7 c4+ 54. Ke2 c3 55. Rf8 Nd2 56. Rb8 Rb1 57. Kd3 Rb2 58. h4 Nb1 59. h5
Rxf2 60. h6 Rd2+ 61. Ke3 c2 62. h7 Rd8 63. Rxd8 c1=Q+ 64. Kf3 Qf1+ 65. Kg4
Qxg2+ 66. Kh5 Qf3+ 67. Kg5 Qg3+ 68. Kf5 Qf3+ 69. Kg5 Qg3+ 70. Kf5 Qf3+ 1/2-1/2

[Event "CRO-ch 10th"]
[Site "Otocac"]
[Date "2010.01.18"]
[Round "1.3"]
[White "Jovanic, Ognjen"]
[Black "Stevic, Hrvoje"]
[Result "0-1"]
[WhiteElo "2533"]
[BlackElo "2614"]
[PlyCount "92"]
[EventDate "2010.01.18"]
[EventRounds "11"]
[EventCountry "CRO"]
[EventCategory "13"]
[Source "Mirjana Medic"]
[SourceDate "2010.01.18"]

1. d4 d5 2. c4 dxc4 3. e4 e5 4. Nf3 exd4 5. Bxc4 Bb4+ 6. Nbd2 Nc6 7. O-O Nf6 8.
e5 Nd5 9. Nb3 Nb6 10. Bg5 Be7 11. Bxe7 Qxe7 12. Bb5 Bd7 13. Re1 Rd8 14. Rc1 a6
15. Bxc6 Bxc6 16. Nfxd4 Qg5 17. g3 O-O 18. h4 Qh6 19. Nf5 Qe6 20. Nbd4 Qd7 21.
Qg4 g6 22. Qg5 Nd5 23. e6 fxe6 24. Nh6+ Kh8 25. Nxe6 Nf6 26. Nxd8 Qxd8 27. Re6
Bd5 28. Re5 Bxa2 29. Rce1 Qd4 30. R5e2 c6 31. Rd2 Qb4 32. Qe3 Re8 33. Qxe8+
Nxe8 34. Rxe8+ Kg7 35. Rd7+ Kxh6 36. Ree7 Bg8 37. Rxb7 Qd4 38. Kg2 g5 39. Rbd7
Bd5+ 40. f3 gxh4 41. Rxh7+ Kg6 42. gxh4 Qg4+ 43. Kh2 Qf4+ 44. Kg1 Qg3+ 45. Kf1
Bc4+ 46. Rd3 Bxd3# 0-1

[Event "CRO-ch 10th"]
[Site "Otocac"]
[Date "2010.01.18"]
[Round "1.4"]
[White "Kozul, Zdenko"]
[Black "Martinovic, Sasa"]
[Result "1/2-1/2"]
[WhiteElo "2617"]
[BlackElo "2499"]
[PlyCount "137"]
[EventDate "2010.01.18"]
[EventRounds "11"]
[EventCountry "CRO"]
[EventCategory "13"]
[Source "Mirjana Medic"]
[SourceDate "2010.01.18"]

1. d4 d5 2. c4 c6 3. e3 Nf6 4. Nc3 e6 5. Nf3 a6 6. a3 Nbd7 7. b4 g6 8. Bd3 Bg7
9. O-O O-O 10. h3 Qe7 11. Qc2 e5 12. cxd5 cxd5 13. dxe5 Nxe5 14. Nxe5 Qxe5 15.
Bb2 Qg5 16. f4 Qh4 17. Qf2 Qxf2+ 18. Rxf2 Re8 19. Nd1 Bd7 20. Rd2 Bc6 21. Bd4
Ne4 22. Bxe4 dxe4 23. Bxg7 Kxg7 24. Nc3 Red8 25. Rad1 Rxd2 26. Rxd2 Rc8 27. g4
Bb5 28. Nxb5 axb5 29. g5 Rc3 30. Kf2 Rxa3 31. Rd4 Ra2+ 32. Kg3 f5 33. gxf6+
Kxf6 34. Rxe4 Rb2 35. h4 Rb1 36. Rd4 Ke6 37. h5 Rg1+ 38. Kf3 gxh5 39. Re4+ Kf6
40. Re5 h4 41. Rxb5 h3 42. Rh5 Kg6 43. Rxh3 Rb1 44. e4 Rxb4 45. f5+ Kg5 46.
Rxh7 Rb3+ 47. Ke2 b5 48. Rd7 b4 49. Kd2 Kf4 50. Re7 Kg5 51. Re6 Rf3 52. Kc2 b3+
53. Kb2 Re3 54. Ka3 Rf3 55. Rb6 Re3 56. Rg6+ Kh5 57. Re6 Kg5 58. f6 Kg6 59. e5
Kf7 60. Re7+ Kf8 61. Kb2 Rf3 62. Rb7 Re3 63. Rb5 Kf7 64. Rb7+ Kf8 65. Re7 Rf3
66. Ka3 Re3 67. e6 Rf3 68. Rf7+ Ke8 69. Re7+ 1/2-1/2

[Event "CRO-ch 10th"]
[Site "Otocac"]
[Date "2010.01.18"]
[Round "1.5"]
[White "Saric, Ivan"]
[Black "Sulava, Nenad"]
[Result "1-0"]
[WhiteElo "2586"]
[BlackElo "2539"]
[PlyCount "115"]
[EventDate "2010.01.18"]
[EventRounds "11"]
[EventCountry "CRO"]
[EventCategory "13"]
[Source "Mirjana Medic"]
[SourceDate "2010.01.18"]

1. e4 e5 2. Nf3 Nc6 3. Bc4 Bc5 4. c3 Nf6 5. d3 a6 6. O-O Ba7 7. Re1 d6 8. Bb3
O-O 9. h3 Be6 10. Bc2 Re8 11. d4 exd4 12. cxd4 d5 13. e5 Ne4 14. Nc3 Bf5 15.
Nxe4 dxe4 16. Bxe4 Bxe4 17. Rxe4 Qd5 18. Rg4 h5 19. Rh4 Nxe5 20. Nxe5 Rxe5 21.
Be3 Rf5 22. Qc2 g6 23. Qxc7 Re8 24. Rf4 Bb8 25. Rxf5 gxf5 26. Qc5 Qe4 27. Rc1
Kh7 28. Qc2 Qd5 29. Qb3 Qxb3 30. axb3 f4 31. Bd2 Bd6 32. Kf1 Kg6 33. f3 Kf5 34.
Kf2 f6 35. Ra1 Rc8 36. Bc3 Bc7 37. Ra4 Bb6 38. Rb4 Rc6 39. Ke2 Ba5 40. Rxb7
Bxc3 41. bxc3 Rxc3 42. Kd2 Rc8 43. Rh7 Kg5 44. Rg7+ Kh4 45. Kd3 f5 46. d5 a5
47. d6 Rb8 48. d7 Rxb3+ 49. Kc4 Rb8 50. Re7 Rd8 51. Kb5 Kg3 52. Rg7+ Kh4 53.
Kc6 a4 54. Kc7 Ra8 55. d8=Q+ Rxd8 56. Kxd8 a3 57. Rd7 a2 58. Ra7 1-0

[Event "CRO-ch 10th"]
[Site "Otocac"]
[Date "2010.01.18"]
[Round "1.6"]
[White "Zelcic, Robert"]
[Black "Jankovic, Alojzije"]
[Result "0-1"]
[WhiteElo "2557"]
[BlackElo "2541"]
[PlyCount "184"]
[EventDate "2010.01.18"]
[EventRounds "11"]
[EventCountry "CRO"]
[EventCategory "13"]
[Source "Mirjana Medic"]
[SourceDate "2010.01.18"]

1. e4 c5 2. Nf3 Nc6 3. d4 cxd4 4. Nxd4 Nf6 5. Nc3 d6 6. Bg5 e6 7. Qd2 a6 8.
O-O-O Bd7 9. f4 b5 10. Kb1 b4 11. Bxf6 Qxf6 12. Nce2 Rb8 13. g4 Qd8 14. h4 a5
15. g5 Qb6 16. h5 a4 17. Nxc6 Bxc6 18. Nd4 b3 19. axb3 axb3 20. Nxb3 Bxe4 21.
Rh3 Qb4 22. Rc3 d5 23. Bg2 Bd6 24. Bxe4 Qxe4 25. Qf2 O-O 26. f5 Ra8 27. f6 gxf6
28. gxf6 Kh8 29. Qd4 Qxd4 30. Nxd4 Rg8 31. Rf3 h6 32. c4 dxc4 33. Nxe6 Be5 34.
Re1 Bxb2 35. Kxb2 Rgb8+ 36. Kc1 Ra1+ 37. Kd2 Rb2+ 38. Kc3 Rxe1 39. Kxb2 Rxe6
40. Kc3 Re5 41. Rh3 Re4 42. Rf3 Rh4 43. Rf5 Rg4 44. Rf1 Kg8 45. Rf2 Rg5 46. Rh2
Rf5 47. Kxc4 Rxf6 48. Kd5 Re6 49. Rg2+ Kf8 50. Rg1 Re2 51. Rh1 Ke7 52. Rh3 f6
53. Rh1 Re5+ 54. Kd4 Ke6 55. Kd3 Rg5 56. Ke3 Ra5 57. Kf4 Ra4+ 58. Ke3 Kf5 59.
Rf1+ Kg5 60. Rg1+ Rg4 61. Rh1 f5 62. Kf3 Rf4+ 63. Ke3 Ra4 64. Rg1+ Kxh5 65. Rg8
Rg4 66. Rf8 Kg5 67. Kf3 h5 68. Rg8+ Kh4 69. Rf8 Rg5 70. Rh8 Rg1 71. Kf2 Rg6 72.
Kf3 Kg5 73. Kg3 Rg7 74. Kf3 h4 75. Ra8 Rh7 76. Rg8+ Kf6 77. Rf8+ Kg6 78. Kg2
h3+ 79. Kh2 Kg5 80. Ra8 Kg4 81. Rg8+ Kf3 82. Ra8 f4 83. Ra3+ Kg4 84. Ra1 Re7
85. Rg1+ Kh4 86. Rg8 Re5 87. Rg7 f3 88. Rh7+ Kg4 89. Kg1 Re1+ 90. Kf2 Re2+ 91.
Kg1 h2+ 92. Kf1 Ra2 0-1

[Event "CRO-ch 10th"]
[Site "Otocac"]
[Date "2010.01.19"]
[Round "2.1"]
[White "Cvitan, Ognjen"]
[Black "Jankovic, Alojzije"]
[Result "1/2-1/2"]
[WhiteElo "2554"]
[BlackElo "2541"]
[PlyCount "30"]
[EventDate "2010.01.18"]
[EventRounds "11"]
[EventCountry "CRO"]
[EventCategory "13"]
[Source "Mirjana Medic"]
[SourceDate "2010.01.18"]

1. d4 d5 2. c4 c6 3. Nf3 Nf6 4. cxd5 cxd5 5. Nc3 Nc6 6. Bf4 a6 7. Rc1 Bf5 8. e3
Rc8 9. Be2 e6 10. O-O Bd6 11. Bxd6 Qxd6 12. Na4 O-O 13. Nc5 Rc7 14. a3 Bg4 15.
Rc3 Bxf3 1/2-1/2

[Event "CRO-ch 10th"]
[Site "Otocac"]
[Date "2010.01.19"]
[Round "2.2"]
[White "Sulava, Nenad"]
[Black "Zelcic, Robert"]
[Result "1-0"]
[WhiteElo "2539"]
[BlackElo "2557"]
[PlyCount "77"]
[EventDate "2010.01.18"]
[EventRounds "11"]
[EventCountry "CRO"]
[EventCategory "13"]
[Source "Mirjana Medic"]
[SourceDate "2010.01.18"]

1. d4 Nf6 2. c4 e6 3. Nf3 d5 4. Nc3 dxc4 5. e4 Bb4 6. Bxc4 Nxe4 7. O-O Nxc3 8.
bxc3 Bd6 9. Ng5 h6 10. Qh5 O-O 11. Ne4 f5 12. Nxd6 cxd6 13. Re1 Rf6 14. Bf4 Na6
15. Re3 Nc7 16. Rae1 Qe8 17. Qf3 Qf8 18. Qg3 Kh7 19. Bxd6 f4 20. Bxf8 fxg3 21.
Rf3 gxh2+ 22. Kxh2 Rxf3 23. gxf3 Bd7 24. Bd6 Rc8 25. Be5 Bb5 26. Bxb5 Nxb5 27.
Rb1 a6 28. a4 Nxc3 29. Rxb7 Kg8 30. Rxg7+ Kf8 31. a5 Nd5 32. Rg6 Kf7 33. Rxh6
Rc3 34. Rh7+ Kg6 35. Ra7 Rc6 36. Kg3 Kf5 37. Rf7+ Kg6 38. Rg7+ Kf5 39. Kh4 1-0

[Event "CRO-ch 10th"]
[Site "Otocac"]
[Date "2010.01.19"]
[Round "2.3"]
[White "Martinovic, Sasa"]
[Black "Saric, Ivan"]
[Result "0-1"]
[WhiteElo "2499"]
[BlackElo "2586"]
[PlyCount "82"]
[EventDate "2010.01.18"]
[EventRounds "11"]
[EventCountry "CRO"]
[EventCategory "13"]
[Source "Mirjana Medic"]
[SourceDate "2010.01.18"]

1. d4 Nf6 2. c4 g6 3. Nc3 Bg7 4. e4 d6 5. f3 O-O 6. Be3 Nbd7 7. Qd2 c5 8. Nge2
a6 9. dxc5 Nxc5 10. Nd4 Bd7 11. Be2 Qa5 12. Rb1 Na4 13. b4 Qc7 14. Nxa4 Bxa4
15. O-O Rfc8 16. Rfc1 Qd8 17. Bf1 e6 18. Ne2 Bc6 19. Nc3 Ne8 20. a4 Bxc3 21.
Rxc3 Bxa4 22. b5 axb5 23. cxb5 Rxc3 24. Qxc3 Rc8 25. Qb4 Bc2 26. Rc1 d5 27. Qb2
Ba4 28. Rxc8 Qxc8 29. exd5 exd5 30. Bd3 Ng7 31. Kf2 Ne6 32. Qa2 d4 33. Bd2 Nc5
34. Bc4 Qe8 35. Qb2 Qe5 36. Kf1 b6 37. g3 Bd1 38. Bf4 Qf6 39. Qd2 Bxf3 40. Qe1
Be4 41. Kg1 g5 0-1

[Event "CRO-ch 10th"]
[Site "Otocac"]
[Date "2010.01.19"]
[Round "2.4"]
[White "Stevic, Hrvoje"]
[Black "Kozul, Zdenko"]
[Result "0-1"]
[WhiteElo "2614"]
[BlackElo "2617"]
[PlyCount "84"]
[EventDate "2010.01.18"]
[EventRounds "11"]
[EventCountry "CRO"]
[EventCategory "13"]
[Source "Mirjana Medic"]
[SourceDate "2010.01.18"]

1. e4 c5 2. c3 Nf6 3. e5 Nd5 4. Nf3 Nc6 5. d4 cxd4 6. cxd4 d6 7. Bc4 e6 8. O-O
Be7 9. exd6 Bxd6 10. Nc3 O-O 11. Qd3 Na5 12. Ng5 g6 13. Qh3 h5 14. Bxd5 exd5
15. Qf3 Nc6 16. Qxd5 Bf5 17. Be3 Nb4 18. Qxb7 Rb8 19. Qxa7 Nc2 20. Nge4 Bxe4
21. Nxe4 Bxh2+ 22. Kxh2 Qh4+ 23. Kg1 Qxe4 24. Bh6 Rfd8 25. Rad1 Nxd4 26. Rfe1
Ne2+ 27. Kf1 Re8 28. Be3 Qh4 29. Qd7 Rxe3 30. fxe3 Ng3+ 31. Kg1 Qh1+ 32. Kf2
Rxb2+ 33. Kxg3 Rxg2+ 34. Kf4 Qh4+ 35. Ke5 Rg5+ 36. Kd6 Qb4+ 37. Kc7 Rc5+ 38.
Kd8 Qb6+ 39. Ke8 Re5+ 40. Qe7 Qb8+ 41. Rd8 Qb5+ 42. Rd7 Rxe7+ 0-1

[Event "CRO-ch 10th"]
[Site "Otocac"]
[Date "2010.01.19"]
[Round "2.5"]
[White "Jovanovic, Zoran"]
[Black "Jovanic, Ognjen"]
[Result "0-1"]
[WhiteElo "2537"]
[BlackElo "2533"]
[PlyCount "68"]
[EventDate "2010.01.18"]
[EventRounds "11"]
[EventCountry "CRO"]
[EventCategory "13"]
[Source "Mirjana Medic"]
[SourceDate "2010.01.18"]

1. e4 e5 2. Nf3 Nc6 3. Bc4 Bc5 4. O-O Nf6 5. d4 exd4 6. e5 d5 7. exf6 dxc4 8.
fxg7 Rg8 9. Re1+ Be6 10. Bg5 Be7 11. Bxe7 Qxe7 12. Nxd4 Rd8 13. c3 Nxd4 14.
cxd4 Rxg7 15. Nc3 Kf8 16. Qf3 c6 17. Re4 Rg6 18. Rae1 Qd6 19. Qe3 Kg7 20. g3
Bd5 21. Re5 Qf6 22. f4 b5 23. a3 a5 24. f5 Rg4 25. h3 Rg5 26. Qf4 Kh8 27. h4
Rgg8 28. Kh2 b4 29. axb4 axb4 30. Nxd5 cxd5 31. Re7 Rc8 32. Qf3 c3 33. bxc3
Rxc3 34. R1e3 Qxe7 0-1

[Event "CRO-ch 10th"]
[Site "Otocac"]
[Date "2010.01.19"]
[Round "2.6"]
[White "Palac, Mladen"]
[Black "Brkic, Ante"]
[Result "1/2-1/2"]
[WhiteElo "2563"]
[BlackElo "2564"]
[PlyCount "23"]
[EventDate "2010.01.18"]
[EventRounds "11"]
[EventCountry "CRO"]
[EventCategory "13"]
[Source "Mirjana Medic"]
[SourceDate "2010.01.18"]

1. e4 c5 2. Nf3 d6 3. d4 cxd4 4. Nxd4 Nf6 5. Nc3 a6 6. Be3 e5 7. Nf3 Be7 8. Bc4
O-O 9. O-O Nc6 10. Qe2 Na5 11. Bd3 b5 12. b4 1/2-1/2

[Event "CRO-ch 10th"]
[Site "Otocac"]
[Date "2010.01.20"]
[Round "3.1"]
[White "Brkic, Ante"]
[Black "Cvitan, Ognjen"]
[Result "1/2-1/2"]
[WhiteElo "2564"]
[BlackElo "2554"]
[PlyCount "53"]
[EventDate "2010.01.18"]
[EventRounds "11"]
[EventCountry "CRO"]
[EventCategory "13"]

1. d4 Nf6 2. c4 e6 3. Nf3 d5 4. g3 Be7 5. Bg2 O-O 6. O-O dxc4 7. Qc2 a6 8. Qxc4
b5 9. Qc2 Bb7 10. Bg5 Nbd7 11. Bxf6 Nxf6 12. Nbd2 Rc8 13. Nb3 Be4 14. Qc3 Nd5
15. Qc1 c5 16. Nxc5 Bxc5 17. dxc5 Qe7 18. Qd2 Rxc5 19. Rfc1 Rfc8 20. Ne1 Bxg2
21. Kxg2 h6 22. Nd3 Qb7 23. Kg1 Rc4 24. Ne5 R4c7 25. Nd3 Rc4 26. Ne5 R4c7 27.
Nd3 1/2-1/2

[Event "CRO-ch 10th"]
[Site "Otocac"]
[Date "2010.01.20"]
[Round "3.2"]
[White "Jovanic, Ognjen"]
[Black "Palac, Mladen"]
[Result "1/2-1/2"]
[WhiteElo "2533"]
[BlackElo "2563"]
[PlyCount "95"]
[EventDate "2010.01.18"]
[EventRounds "11"]
[EventCountry "CRO"]
[EventCategory "13"]

1. d4 Nf6 2. c4 e6 3. Nf3 d5 4. Nc3 Bb4 5. Qa4+ Nc6 6. e3 O-O 7. a3 Bxc3+ 8.
bxc3 Ne4 9. Bd3 Nxc3 10. Qc2 Ne4 11. Bxe4 dxe4 12. Qxe4 Ne7 13. Bb2 c5 14. O-O
Qc7 15. Rac1 Bd7 16. Ng5 Ng6 17. d5 e5 18. f4 exf4 19. exf4 Rae8 20. Qd3 f6 21.
f5 Nf4 22. Rxf4 Qxf4 23. Ne6 Bxe6 24. fxe6 Re7 25. Re1 Qd6 26. a4 Rd8 27. Qc2
a6 28. a5 b5 29. axb6 Qxb6 30. Bc1 a5 31. Bf4 Qa6 32. Qe4 h6 33. Rb1 Rde8 34.
Be3 a4 35. Bxc5 Rc7 36. d6 Rxc5 37. d7 Rcc8 38. Qd5 Kh8 39. e7 Qa7+ 40. Kf1
Rcd8 41. exd8=R Rxd8 42. Rd1 a3 43. Qe4 Qa4 44. Rd2 a2 45. Rxa2 Qxa2 46. Qe8+
Kh7 47. Qxd8 Qxc4+ 48. Kf2 1/2-1/2

[Event "CRO-ch 10th"]
[Site "Otocac"]
[Date "2010.01.20"]
[Round "3.3"]
[White "Kozul, Zdenko"]
[Black "Jovanovic, Zoran"]
[Result "1/2-1/2"]
[WhiteElo "2617"]
[BlackElo "2537"]
[PlyCount "97"]
[EventDate "2010.01.18"]
[EventRounds "11"]
[EventCountry "CRO"]
[EventCategory "13"]

1. d4 d6 2. Nf3 g6 3. c4 Bg7 4. Nc3 Nf6 5. e4 O-O 6. Be2 e5 7. O-O Nc6 8. d5
Ne7 9. Ne1 Nd7 10. Nd3 f5 11. Bd2 Nf6 12. f3 f4 13. c5 h5 14. cxd6 cxd6 15. Nf2
g5 16. h3 Ng6 17. Qc2 Rf7 18. Rfc1 g4 19. fxg4 hxg4 20. hxg4 Nh4 21. a4 Bf8 22.
Qd1 Rg7 23. Be1 Qb6 24. a5 Qe3 25. Qd3 Nxg4 26. Bxg4 Rxg4 27. Qxe3 Rxg2+ 28.
Kh1 fxe3 29. Nfd1 Rg6 30. Bxh4 Rh6 31. Kg2 Rxh4 32. Nxe3 Bh6 33. Re1 Bf4 34.
Nf5 Bxf5 35. exf5 Rf8 36. Rh1 Rg4+ 37. Kf3 Rg3+ 38. Kf2 Rxf5 39. Rhg1 Rxg1 40.
Rxg1+ Kf7 41. Ke2 Rh5 42. Ne4 Rh2+ 43. Kd3 Rxb2 44. Nxd6+ Kf8 45. Ke4 Rd2 46.
Nf5 Re2+ 47. Kf3 Rd2 48. Ke4 Re2+ 49. Kf3 1/2-1/2

[Event "CRO-ch 10th"]
[Site "Otocac"]
[Date "2010.01.20"]
[Round "3.4"]
[White "Saric, Ivan"]
[Black "Stevic, Hrvoje"]
[Result "1/2-1/2"]
[WhiteElo "2586"]
[BlackElo "2614"]
[PlyCount "51"]
[EventDate "2010.01.18"]
[EventRounds "11"]
[EventCountry "CRO"]
[EventCategory "13"]

1. e4 e5 2. Nf3 Nc6 3. Bb5 a6 4. Ba4 Nf6 5. O-O Be7 6. Re1 b5 7. Bb3 d6 8. c3
O-O 9. h3 a5 10. a4 b4 11. d4 bxc3 12. bxc3 exd4 13. cxd4 d5 14. Ne5 Nb4 15.
exd5 Bb7 16. Nc3 Nbxd5 17. Nxd5 Bxd5 18. Bc2 Re8 19. Qd3 g6 20. Bg5 Nh5 21. Bd2
Bb4 22. Bxb4 axb4 23. g3 Qd6 24. a5 Qa6 25. Qxa6 Rxa6 26. Reb1 1/2-1/2

[Event "CRO-ch 10th"]
[Site "Otocac"]
[Date "2010.01.20"]
[Round "3.5"]
[White "Zelcic, Robert"]
[Black "Martinovic, Sasa"]
[Result "1/2-1/2"]
[WhiteElo "2557"]
[BlackElo "2499"]
[PlyCount "92"]
[EventDate "2010.01.18"]
[EventRounds "11"]
[EventCountry "CRO"]
[EventCategory "13"]

1. e4 e6 2. d4 d5 3. Nc3 Bb4 4. e5 Ne7 5. Bd3 c5 6. dxc5 d4 7. a3 Ba5 8. b4
dxc3 9. bxa5 Nd7 10. Nf3 Nxc5 11. Bb5+ Bd7 12. Bxd7+ Qxd7 13. Be3 Rc8 14. Qxd7+
Kxd7 15. Rb1 Nd5 16. Bxc5 Rxc5 17. Rxb7+ Rc7 18. Rb3 h6 19. h4 Rhc8 20. g3 Rc4
21. O-O Ra4 22. Rd1 Rxa5 23. Nd4 a6 24. Ne2 Rac5 25. Nf4 g5 26. hxg5 hxg5 27.
Nh3 g4 28. Ng5 Ke7 29. Ne4 R5c7 30. Kg2 Rh8 31. Rh1 Rxh1 32. Kxh1 Rc4 33. Rb7+
Kf8 34. Nd6 Rd4 35. Nxf7 Rd2 36. Ng5 Rxc2 37. Nxe6+ Ke8 38. Nc7+ Nxc7 39. Rxc7
Kd8 40. Rc5 Rc1+ 41. Kg2 c2 42. e6 Ke7 43. Rc6 a5 44. a4 Kf6 45. Kh2 Ke7 46.
Kg2 Kf6 1/2-1/2

[Event "CRO-ch 10th"]
[Site "Otocac"]
[Date "2010.01.20"]
[Round "3.6"]
[White "Jankovic, Alojzije"]
[Black "Sulava, Nenad"]
[Result "1/2-1/2"]
[WhiteElo "2541"]
[BlackElo "2539"]
[PlyCount "32"]
[EventDate "2010.01.18"]
[EventRounds "11"]
[EventCountry "CRO"]
[EventCategory "13"]

1. d4 d5 2. c4 e6 3. Nf3 Nf6 4. Nc3 Bb4 5. cxd5 exd5 6. Bg5 h6 7. Bh4 c5 8. e3
g5 9. Bg3 Ne4 10. Bb5+ Bd7 11. Bxd7+ Nxd7 12. dxc5 Bxc3+ 13. bxc3 Ndxc5 14. Rc1
O-O 15. Nd4 Qf6 16. O-O Rac8 1/2-1/2

[Event "CRO-ch 10th"]
[Site "Otocac"]
[Date "2010.01.21"]
[Round "4.1"]
[White "Cvitan, Ognjen"]
[Black "Sulava, Nenad"]
[Result "1/2-1/2"]
[WhiteElo "2554"]
[BlackElo "2539"]
[PlyCount "40"]
[EventDate "2010.01.18"]
[EventRounds "11"]
[EventCountry "CRO"]
[EventCategory "13"]
[Source "Mirjana Medic"]
[SourceDate "2010.01.18"]

1. d4 e6 2. Nf3 d5 3. c4 Nf6 4. g3 Be7 5. Bg2 O-O 6. O-O dxc4 7. Qc2 a6 8. a4
Bd7 9. Ne5 Bc6 10. Nxc6 Nxc6 11. e3 Na5 12. Nd2 c5 13. dxc5 Rc8 14. b4 cxb3 15.
Nxb3 Nxb3 16. Qxb3 Nd7 17. Ba3 Nxc5 18. Bxc5 Bxc5 19. Qxb7 a5 20. Rfd1 Qb6
1/2-1/2

[Event "CRO-ch 10th"]
[Site "Otocac"]
[Date "2010.01.21"]
[Round "4.2"]
[White "Martinovic, Sasa"]
[Black "Jankovic, Alojzije"]
[Result "1/2-1/2"]
[WhiteElo "2499"]
[BlackElo "2541"]
[PlyCount "40"]
[EventDate "2010.01.18"]
[EventRounds "11"]
[EventCountry "CRO"]
[EventCategory "13"]
[Source "Mirjana Medic"]
[SourceDate "2010.01.18"]

1. d4 Nf6 2. c4 e6 3. Nc3 Bb4 4. e3 O-O 5. Nge2 d5 6. a3 Be7 7. cxd5 exd5 8.
Nf4 c6 9. Bd3 Re8 10. O-O Bd6 11. b4 Bxf4 12. exf4 Ne4 13. Bxe4 dxe4 14. Re1
Bf5 15. Bb2 Nd7 16. d5 Nb6 17. Qd4 f6 18. Rad1 cxd5 19. Nxd5 Nxd5 20. Qxd5+
Qxd5 1/2-1/2

[Event "CRO-ch 10th"]
[Site "Otocac"]
[Date "2010.01.21"]
[Round "4.3"]
[White "Stevic, Hrvoje"]
[Black "Zelcic, Robert"]
[Result "1-0"]
[WhiteElo "2614"]
[BlackElo "2557"]
[PlyCount "85"]
[EventDate "2010.01.18"]
[EventRounds "11"]
[EventCountry "CRO"]
[EventCategory "13"]
[Source "Mirjana Medic"]
[SourceDate "2010.01.18"]

1. Nf3 Nf6 2. g3 d5 3. Bg2 e6 4. O-O Be7 5. d3 O-O 6. Nbd2 Nc6 7. e4 dxe4 8.
dxe4 e5 9. c3 a5 10. Qc2 Bc5 11. b3 Qe7 12. a3 b6 13. h3 Ba6 14. Re1 Rfd8 15.
b4 Bd6 16. Bb2 h6 17. Nf1 Qe6 18. Ne3 Bf8 19. Nd5 Rac8 20. c4 axb4 21. axb4
Nxd5 22. exd5 Nxb4 23. dxe6 Nxc2 24. exf7+ Kxf7 25. Rxa6 Nxe1 26. Nxe1 Rd1 27.
Ra1 Rxa1 28. Bxa1 Ke6 29. Nd3 Rd8 30. Bd5+ Rxd5 31. cxd5+ Kxd5 32. Nxe5 Be7 33.
Ng4 Bf8 34. Ne3+ Kc5 35. Kf1 c6 36. Ke2 Kb4 37. Kd3 b5 38. Nf5 g6 39. Bg7 Bxg7
40. Nxg7 c5 41. Ne6 c4+ 42. Kc2 c3 43. Nf4 1-0

[Event "CRO-ch 10th"]
[Site "Otocac"]
[Date "2010.01.21"]
[Round "4.4"]
[White "Jovanovic, Zoran"]
[Black "Saric, Ivan"]
[Result "0-1"]
[WhiteElo "2537"]
[BlackElo "2586"]
[PlyCount "58"]
[EventDate "2010.01.18"]
[EventRounds "11"]
[EventCountry "CRO"]
[EventCategory "13"]
[Source "Mirjana Medic"]
[SourceDate "2010.01.18"]

1. e4 c5 2. Nf3 Nc6 3. Nc3 e6 4. d4 cxd4 5. Nxd4 Nf6 6. Nxc6 bxc6 7. e5 Nd5 8.
Nxd5 cxd5 9. Bd3 Qc7 10. f4 Bc5 11. Qe2 Rb8 12. c3 O-O 13. Rb1 f6 14. Qh5 h6
15. Qg6 f5 16. Bd2 Qc6 17. Rf1 Ba6 18. Rf3 Bxd3 19. Rxd3 Qa4 20. b4 Qc2 21. Rh3
Qxb1+ 22. Ke2 Qe4+ 23. Kd1 Rfc8 24. Rxh6 Bf8 25. Rh7 Rxb4 26. cxb4 Rc2 27. Rh3
Rxa2 28. Rc3 Qd4 29. Rc2 Qg1+ 0-1

[Event "CRO-ch 10th"]
[Site "Otocac"]
[Date "2010.01.21"]
[Round "4.5"]
[White "Palac, Mladen"]
[Black "Kozul, Zdenko"]
[Result "1-0"]
[WhiteElo "2563"]
[BlackElo "2617"]
[PlyCount "81"]
[EventDate "2010.01.18"]
[EventRounds "11"]
[EventCountry "CRO"]
[EventCategory "13"]
[Source "Mirjana Medic"]
[SourceDate "2010.01.18"]

1. e4 c5 2. Nf3 d6 3. d4 cxd4 4. Nxd4 Nf6 5. Nc3 Nc6 6. Bc4 Qb6 7. Nb3 e6 8.
Bf4 Ne5 9. Be2 a6 10. Be3 Qc7 11. f4 Ng6 12. a4 Bd7 13. O-O Be7 14. Qe1 O-O 15.
a5 Rac8 16. Qg3 d5 17. e5 Ne4 18. Nxe4 dxe4 19. c3 f6 20. exf6 Rxf6 21. Nd2 Bc6
22. Qg4 Rcf8 23. g3 Bd5 24. Rae1 Bc5 25. Bd1 e5 26. f5 Bxe3+ 27. Rxe3 Qc5 28.
Qe2 Rxf5 29. Rxf5 Rxf5 30. b4 Qa7 31. c4 Nf4 32. gxf4 exf4 33. cxd5 fxe3 34.
Nxe4 Qd4 35. Bc2 g6 36. d6 Kf7 37. h3 Ke8 38. Nc5 Rg5+ 39. Kh1 Qd5+ 40. Ne4 Rg3
41. Kh2 1-0

[Event "CRO-ch 10th"]
[Site "Otocac"]
[Date "2010.01.21"]
[Round "4.6"]
[White "Brkic, Ante"]
[Black "Jovanic, Ognjen"]
[Result "1/2-1/2"]
[WhiteElo "2564"]
[BlackElo "2533"]
[PlyCount "87"]
[EventDate "2010.01.18"]
[EventRounds "11"]
[EventCountry "CRO"]
[EventCategory "13"]
[Source "Mirjana Medic"]
[SourceDate "2010.01.18"]

1. e4 e5 2. Nf3 Nc6 3. Bb5 Nf6 4. O-O Nxe4 5. d4 Nd6 6. Bxc6 dxc6 7. dxe5 Nf5
8. Qxd8+ Kxd8 9. Nc3 Bd7 10. h3 h6 11. Bf4 Kc8 12. Rad1 Be6 13. a3 Bc5 14. g4
Ne7 15. Nd4 Bxd4 16. Rxd4 c5 17. Rd2 b6 18. Bg3 g5 19. f4 gxf4 20. Bh4 Re8 21.
Bxe7 Rxe7 22. Rxf4 Kb7 23. Ne4 Rg8 24. Nf6 Rg6 25. Kf2 b5 26. h4 Bc4 27. b3 Be6
28. Kf3 a5 29. Rd8 c4 30. b4 axb4 31. axb4 c5 32. bxc5 Rc7 33. Ne4 b4 34. Nd6+
Kc6 35. Nxc4 Kxc5 36. Ne3 h5 37. g5 Rb7 38. Rf6 b3 39. cxb3 Rxb3 40. Rxg6 fxg6
41. Rd6 Bg4+ 42. Ke4 Rb4+ 43. Kd3 Bf3 44. Rf6 1/2-1/2